000 00595nam a2200241Ia 4500
003 OSt
005 20221005133138.0
006 a|||||r|||| 00| 0
007 ta
008 221004b |||||||| |||| 00| 0 tam d
024 _a52141
037 _cTextual
040 _aCRL
_cCRL
_btam
041 _2tam
_atam
082 _aV21:51wM92, 31K1
100 _aChelvanayakam
_9642120
245 0 _aVipulanandhavellam
260 _c1961
300 _a136p.
_ccm.
650 _aHISTORY
942 _hV21:51wM92, 31K1
_cTEXL
_2cc
999 _c1065874
_d1065874